1051 1898 1396 1932 1048 1184 1340 1643 1245 1040 1945 1039 1070 1399 1608 1883 1614 1975 1346 1162 1095 1287 1623 1393 1071 1216 1395 1100 1297 1748 1964 1565 1410 1588 1445 1151 1096 1977 1369 1588 1802 1457 1060 1663 1058 1263 1040 1599 1367 1207 1938 1353 1799 1754 1698 1609 1145 1697 1625 1563 1770 1705 1654 1260 1491 1833 1827 1462 1516 1793 1557 1714 1468 1909 1771 1776 1297 1349 1785 1972 1076 1704 1991 1528 1381 1720 1723 1642 1845 1283 1021 1155 1540 1269 1113 1600 1045 1093 1469 BCNSPRNW ULIB Ver.6.0+V

เปลี่ยนเป็นภาษาไทย

Change to English
 แสดงรายละเอียดบรรณานุกรม
  กลับหน้าหลัก

Brief Record : Get Marc (ISO 2709) : E-mail record : QR code < ปิดหน้าต่าง
LEADER : 00000nam 2200000uu 4500
001    13399123688
003     ULIB
008    141106s2557||||th 000 0 tha d
020    ^a9786163350435
060  0 ^aWY154^bส725ก^d
245 00 ^aการพยาบาลผู้ป่วยที่มีภาวะเจ็บป่วยวิกฤต/^cบรรณาธิการโดย สุจิตร ลิ้มอำนวยลาภ, ชวนพิศ ทำนอง
246 0  ^aCritical care nursing
250    ^aพิมพ์ครั้งที่ 8
260    ^aขอนแก่น:^bโรงพิมพ์คลังนานาวิทยา,^c2557.
300    ^a381 หน้า
650  0 ^aผู้ป่วยหนัก^xการดูแล
650  0 ^aการดูแลขั้นวิกฤต
650  0 ^aการพยาบาลผู้ป่วยวิกฤต
700 0  ^aสุจิตรา ลิ้มอำนวยลาภ,^eบรรณาธิการ
700 0  ^aชวนพิศ ทำนอง,^eบรรณาธิการ
945    ^p350^l0^i036816
945    ^p350^l0^i036817
945    ^p350^l0^i036818
945    ^p350^l0^i036819
945    ^p350^l0^i036820
945    ^p350^l0^i036821
945    ^p350^l0^i036822
945    ^p350^l0^i000772
945    ^p350^l0^i000773
945    ^p350^l0^i000774
999    ^aเกษร โพธิ์สุวรรณ
รายการนี้ยังไม่มีแท็ก
คุณยังไม่ได้ล็อกอิน คุณสามารถมีกิจกรรมร่วมกับเว็บไซต์ได้ แต่ต้องล็อกอินก่อน ::
  ล็อกอิน

รายการสื่อสารสนเทศ

ลำดับที่ ประเภท เลขเรียก/บาร์โค้ด สถานที่ สถานะ
1. Book การพยาบาล
หนังสือสำรอง
สถานะ=หนังสือสำรอง
WY154 ส725ก ฉ.1 
  Barcode: 036816
ห้องสมุดวิทยาเขตสวรรค์ประชารักษ์
►หนังสือทั่วไป
บนชั้น
2. Book การพยาบาล
Book การพยาบาล
WY154 ส725ก ฉ.10 
  Barcode: 000774
ห้องสมุดวิทยาเขตสวรรค์ประชารักษ์
►ส่วนจัดเก็บหนังสือเก่า สปร
บนชั้น
  ขอยืม
3. Book การพยาบาล
Book การพยาบาล
WY154 ส725ก ฉ.2 
  Barcode: 036817
ห้องสมุดวิทยาเขตสวรรค์ประชารักษ์
►ส่วนจัดเก็บหนังสือเก่า สปร
บนชั้น
  ขอยืม
4. Book การพยาบาล
Book การพยาบาล
WY154 ส725ก ฉ.3 
  Barcode: 036818
ห้องสมุดวิทยาเขตสวรรค์ประชารักษ์
►หนังสือทั่วไป
บนชั้น
5. Book การพยาบาล
Book การพยาบาล
WY154 ส725ก ฉ.4 
  Barcode: 036819
ห้องสมุดวิทยาเขตสวรรค์ประชารักษ์
►หนังสือทั่วไป
บนชั้น
6. Book การพยาบาล
Book การพยาบาล
WY154 ส725ก ฉ.5 
  Barcode: 036820
ห้องสมุดวิทยาเขตสวรรค์ประชารักษ์
►หนังสือทั่วไป
บนชั้น
7. Book การพยาบาล
Book การพยาบาล
WY154 ส725ก ฉ.6 
  Barcode: 036821
ห้องสมุดวิทยาเขตสวรรค์ประชารักษ์
►หนังสือทั่วไป
บนชั้น
8. Book การพยาบาล
Book การพยาบาล
WY154 ส725ก ฉ.7 
  Barcode: 036822
ห้องสมุดวิทยาเขตสวรรค์ประชารักษ์
►หนังสือทั่วไป
บนชั้น
9. Book การพยาบาล
Book การพยาบาล
WY154 ส725ก ฉ.8 
  Barcode: 000772
ห้องสมุดวิทยาเขตสวรรค์ประชารักษ์
►หนังสือทั่วไป
บนชั้น
10. Book การพยาบาล
Book การพยาบาล
WY154 ส725ก ฉ.9 
  Barcode: 000773
ห้องสมุดวิทยาเขตสวรรค์ประชารักษ์
►หนังสือทั่วไป
บนชั้น

รายการใกล้เคียง
    หัวเรื่อง [การดูแลขั้นวิกฤต]
    หัวเรื่อง [การพยาบาลผู้ป่วยวิกฤต]

BibComment


ยังไม่เคยถูกคอมเมนท์

คอมเมนท์ทรัพยากรรายการนี้
  คอมเมนท์: การพยาบาลผู้ป่วย..


 Copyright 2026. Bcnsprnw @Library